[Event "2nd Golders Green Open Apr 2014"]
[Site "?"]
[Date "2014.04.20"]
[Round "3"]
[White "Eden, Tomer"]
[Black "Rice, Chris"]
[Result "1-0"]
[WhiteElo "2216"]
[BlackElo "2014"]
[EventType "swiss"]
[EventRounds "6"]

1. b3 e5 2. Bb2 d6 3. g3 Nf6 4. Bg2 Be7 5. d3 O-O 6. Nf3 Nbd7 7. O-O Re8 8.
Nbd2 Bf8 9. c4 c6 10. Rc1 a5 11. a3 g6 12. Rc2 Bg7 13. Qa1 Qe7 14. Rd1 Nh5 15.
e4 Nc5 16. d4 exd4 17. Bxd4 f5 18. Bxg7 Nxg7 19. Re1 fxe4 20. Nxe4 Nxe4 21.
Nd2 d5 22. cxd5 cxd5 23. f3 Qf6 24. fxe4 Qxa1 25. Rxa1 d4 26. Rc4 Rd8 27. e5
Rb8 28. Rc7 Ne6 29. Re7 Ng5 30. h4 Kf8 31. Rc7 Nf7 32. Rf1 Be6 33. Bh3 {#r}
1-0

[Event "2nd Golders Green Open Apr 2014"]
[Site "?"]
[Date "2014.04.20"]
[Round "3"]
[White "Brozel, Sacha"]
[Black "Ethelontis, Alexandros N"]
[Result "0-1"]
[WhiteElo "1751"]
[BlackElo "2167"]
[EventType "swiss"]
[EventRounds "6"]

1. d4 e6 2. c4 Nf6 3. g3 Bb4+ 4. Bd2 c5 5. Bxb4 cxb4 6. Bg2 O-O 7. Nf3 d6 8.
O-O Re8 9. Re1 Nc6 10. e4 e5 11. d5 Nb8 12. Nbd2 Bg4 13. Qc2 Bxf3 14. Bxf3 Na6
15. Nb3 Rc8 16. Qe2 Nc5 17. Nxc5 Rxc5 18. a3 bxa3 19. b4 Rc8 20. Rxa3 Qb6 21.
Rb1 a6 22. Qd3 Rc7 23. Rc3 Qd4 24. c5 Qxd3 25. Rxd3 dxc5 26. bxc5 Rxc5 27.
Rxb7 Rc4 28. Ra7 Nxe4 29. Bxe4 Rxe4 30. Rxa6 Kf8 31. d6 Rd8 32. Re3 Rxe3 33.
fxe3 f6 34. Kf2 Rd7 35. Rc6 Kf7 36. Kf3 Ke6 37. e4 Rxd6 38. Rc7 Rd7 39. Rc6+
Kf7 40. Ra6 Rb7 41. Ra3 Rb2 42. h4 Kg6 43. Rc3 Rb1 44. Kf2 Ra1 45. Rb3 Kh5 46.
Rb7 Kg6 47. Rb3 h6 48. Rb7 Rh1 49. Kg2 Re1 50. Kf3 h5 51. Ra7 Kh6 52. Ra6 Rb1
53. Kf2 Rb3 54. Rc6 Kg6 55. Ra6 Rb7 56. Kf3 Rf7 57. Ke3 Kh6 58. Ra8 g6 59. Re8
Kg7 60. Re6 Rc7 61. Kf2 Kf7 62. Rb6 Re7 63. Ra6 Kg7 64. Ra5 g5 65. Kf3 g4+ 66.
Ke3 Rb7 67. Ra4 Rb2 68. Ra7+ Kg6 69. Ra8 Rg2 70. Rg8+ Kh7 71. Rf8 Rxg3+ 72.
Kf2 Rf3+ 73. Kg2 Kg7 74. Ra8 Rh3 75. Ra7+ Kg6 76. Ra8 Rxh4 77. Kg3 Rh3+ 78.
Kg2 Re3 79. Ra4 Kg5 80. Kf2 Kf4 81. Ra6 Rf3+ 82. Kg2 Kxe4 83. Ra8 h4 84. Rg8
f5 85. Ra8 Rd3 86. Ra4+ Rd4 87. Ra1 Rd2+ 88. Kg1 Kf4 89. Rf1+ Kg3 90. Kh1 e4
91. Rg1+ Kf4 92. Rf1+ Ke5 93. Rg1 e3 94. Re1 Ke4 95. Rf1 e2 96. Re1 Rd1 97.
Kh2 Rxe1 98. Kg2 Ra1 99. Kh2 e1=Q 100. Kg2 Qg1# 0-1

[Event "2nd Golders Green Open Apr 2014"]
[Site "?"]
[Date "2014.04.20"]
[Round "3"]
[White "Karayiannis, Costas"]
[Black "Villiers, Thomas"]
[Result "1/2-1/2"]
[WhiteElo "2160"]
[BlackElo "2097"]
[EventType "swiss"]
[EventRounds "6"]

1. d4 Nf6 2. c4 e6 3. Nc3 Bb4 4. Qc2 d5 5. cxd5 exd5 6. Bg5 h6 7. Bxf6 Qxf6 8.
a3 Bxc3+ 9. Qxc3 O-O 10. e3 Nc6 11. Nf3 Bg4 12. Be2 Rfe8 13. O-O Rac8 14. Rfe1
Ne7 15. Ne5 Bxe2 16. Rxe2 c5 17. Qd2 Nf5 18. Rae1 Qa6 19. h3 cxd4 20. exd4 Nd6
21. Qd1 Qb5 22. Re3 Qxb2 23. Qg4 Rc1 24. Rxc1 Qxc1+ 25. Kh2 Qc7 26. Rg3 f6 27.
Nd7 g5 28. Nxf6+ Kg7 29. Nxe8+ Nxe8 30. Qf5 Nf6 31. Qe5 Qf7 32. Rc3 Qh5 33. f3
Qh4 34. Rc7+ Kg6 35. Qd6 Qxd4 36. Rxb7 h5 37. Rb8 Kf5 38. Rb4 Qd2 39. Qb8 a5
40. Rb6 g4 41. Qc8+ Kg5 42. Rxf6 Kxf6 43. Qh8+ Kg6 44. Qg8+ Kf6 45. Qf8+ Ke5
46. Qg7+ Kd6 47. Qg6+ Kc5 {#d} 1/2-1/2

[Event "2nd Golders Green Open Apr 2014"]
[Site "?"]
[Date "2014.04.20"]
[Round "3"]
[White "Makepeace, Phil"]
[Black "Mircov, Nicola Alexandru"]
[Result "1/2-1/2"]
[WhiteElo "2104"]
[BlackElo "2153"]
[EventType "swiss"]
[EventRounds "6"]

1. e4 c5 2. Nf3 e6 3. d4 cxd4 4. Nxd4 Nf6 5. Bd3 a6 6. O-O b5 7. a4 b4 8. c4
Qc7 9. Re1 d6 10. a5 Bb7 11. Bd2 Nc6 12. Qa4 Nd7 13. Nxc6 Nc5 14. Qc2 b3 15.
Qc3 Bxc6 16. Be3 Na4 17. Qd2 Be7 18. Nc3 Nc5 19. Bd4 Bf6 20. Bxf6 gxf6 21. Nd5
Bxd5 22. exd5 O-O-O 23. Be2 f5 24. Bd1 h5 25. Ra3 h4 26. h3 f4 27. f3 Rhg8 28.
Bxb3 Rg3 29. Kh1 Rdg8 30. Re2 Qa7 31. Qd1 Ne4 32. Qe1 Rxh3+ 33. gxh3 Ng3+ 34.
Kh2 Nxe2 35. c5 Nd4 36. Bd1 dxc5 37. dxe6 fxe6 38. Rc3 Kd7 39. Ba4+ Kd6 40.
Qxh4 Qf7 41. b4 cxb4 42. Rd3 Kc5 43. Qe1 Kc4 44. Rxd4+ Kxd4 45. Qe4+ Kc3 46.
Qc2+ Kd4 47. Qe4+ Kc3 48. Qc2+ Kd4 {#d} 1/2-1/2

[Event "2nd Golders Green Open Apr 2014"]
[Site "?"]
[Date "2014.04.20"]
[Round "3"]
[White "Islam, Mohammed"]
[Black "Vicek, Marek"]
[Result "1-0"]
[WhiteElo "1870"]
[BlackElo "1964"]
[EventType "swiss"]
[EventRounds "6"]

1. d4 d5 2. c4 e6 3. Nf3 Nf6 4. Nc3 Nbd7 5. Bg5 c6 6. e4 h6 7. Bxf6 Nxf6 8. e5
Ne4 9. Bd3 Bb4 10. Qc2 Qa5 11. Bxe4 dxe4 12. Nd2 c5 13. d5 exd5 14. cxd5 Bf5
15. Nc4 Qc7 16. Nd6+ Kf8 17. Nxf5 Qxe5 18. Ne3 Rd8 19. O-O f5 20. Rad1 a6 21.
f3 b5 22. fxe4 f4 23. Ne2 g5 24. Ng4 Qg7 25. Nxf4 gxf4 26. Rxf4+ Ke8 27. Nf6+
Ke7 28. a3 Qg5 29. Rdf1 Rc8 30. axb4 cxb4 31. d6+ Ke6 32. Qb3+ Rc4 33. Qh3+
Kxd6 34. Qd7+ Kc5 35. Qc7+ Kd4 36. Qd6+ Ke3 37. Re1# 1-0

[Event "2nd Golders Green Open Apr 2014"]
[Site "?"]
[Date "2014.04.20"]
[Round "3"]
[White "Farzaliyev, Kanan"]
[Black "Barasi, Paul"]
[Result "1/2-1/2"]
[WhiteElo "1924"]
[BlackElo "1946"]
[EventType "swiss"]
[EventRounds "6"]

1. e4 c5 2. b4 cxb4 3. a3 e6 4. Nf3 Nf6 5. e5 Nd5 6. axb4 Bxb4 7. Na3 O-O 8.
c3 Nxc3 9. dxc3 Bxc3+ 10. Bd2 Bxa1 11. Qxa1 Nc6 12. Nc4 b5 13. Nd6 b4 14. Bb5
Rb8 15. Bxc6 dxc6 16. Qxa7 Qb6 17. Qxb6 Rxb6 18. Kd1 Bd7 19. Kc2 Ra8 20. Rc1
b3+ 21. Kc3 Ra2 22. Be3 c5 23. Bxc5 b2 24. Rb1 Rb8 25. Nc4 Bc6 26. Rxb2 Rbxb2
27. Nxb2 Ra1 28. Be3 h6 29. Nd3 Bxf3 30. gxf3 Rh1 31. Kd4 Rxh2 32. Ke4 Rh4+
33. f4 f5+ 34. Kf3 Rg4 35. Ke2 Kf7 36. Kf1 h5 37. f3 Rg6 38. Bf2 Ke8 39. Bh4
Rh6 40. Bg5 Rh8 {#d} 1/2-1/2

[Event "2nd Golders Green Open Apr 2014"]
[Site "?"]
[Date "2014.04.20"]
[Round "3"]
[White "Landau, Jonathan"]
[Black "Darvish, Masoud"]
[Result "1-0"]
[WhiteElo "1921"]
[BlackElo "1458"]
[EventType "swiss"]
[EventRounds "6"]

1. e4 e6 2. d4 d5 3. Nc3 c5 4. exd5 exd5 5. Bb5+ Nc6 6. Nge2 a6 7. Bxc6+ bxc6
8. O-O cxd4 9. Nxd4 c5 10. Re1+ Be7 11. Nc6 Qd6 12. Qxd5 Be6 13. Qf3 Rc8 14.
Nxe7 Nxe7 15. Bf4 Qc6 16. Qh5 O-O 17. Rad1 g6 18. Qe5 Nf5 19. Ne4 Ng7 20. Bh6
f6 21. Nxf6+ {#r} 1-0

[Event "2nd Golders Green Open Apr 2014"]
[Site "?"]
[Date "2014.04.20"]
[Round "3"]
[White "Kane, Robert"]
[Black "Taylor, John Paul"]
[Result "1-0"]
[WhiteElo "1875"]
[BlackElo "1934"]
[EventType "swiss"]
[EventRounds "6"]

1. d4 d5 2. Nf3 e6 3. Bf4 Nf6 4. e3 Nbd7 5. Nbd2 Be7 6. Ne5 Nxe5 7. dxe5 Nd7
8. Qf3 f6 9. exf6 Bxf6 10. Qh5+ g6 11. Qh6 e5 12. Bg3 Qe7 13. h4 Nc5 14. e4
Nxe4 15. Nxe4 dxe4 16. O-O-O Bg4 17. Bc4 Bxd1 18. Rxd1 Rd8 19. Rxd8+ Kxd8 20.
Qe3 Bxh4 21. Qxa7 Bg5+ 22. Kb1 Qd6 23. a3 Ke7 24. Qxb7 e3 25. fxe3 Bxe3 26.
Ka2 Rf8 27. Be1 Rf4 28. Bb3 Rf1 29. Bb4 Bc5 30. Qb5 Bxb4 31. Qxf1 Bd2 32. Qf7+
Kd8 33. Qg8+ Kd7 34. Qxh7+ Kc6 35. Bf7 g5 36. Qd3 Qxd3 37. cxd3 Kc5 38. Kb3
Kd4 39. Kc2 Ba5 40. b4 Bb6 41. a4 Ba7 42. Bg6 Bb6 43. Kb3 Ke3 44. Kc4 Bd4 45.
Be4 Kd2 46. a5 Kc2 47. b5 Kb2 48. b6 cxb6 49. a6 Ka3 50. Kb5 {#r} 1-0

[Event "2nd Golders Green Open Apr 2014"]
[Site "?"]
[Date "2014.04.20"]
[Round "3"]
[White "Bonafont, Philip"]
[Black "Mitra, Roman C"]
[Result "1-0"]
[WhiteElo "2045"]
[BlackElo "1889"]
[EventType "swiss"]
[EventRounds "6"]

1. d4 d5 2. Nf3 Nf6 3. c4 c6 4. Nc3 e6 5. Bg5 Nbd7 6. e3 Be7 7. cxd5 exd5 8.
Qc2 O-O 9. Bd3 Re8 10. O-O h6 11. Bf4 Nf8 12. h3 Be6 13. Rfe1 Rc8 14. Na4 N8d7
15. a3 b5 16. Nc5 Nxc5 17. dxc5 Nd7 18. b4 g5 19. Bg3 Bf6 20. Nd4 Bxd4 21.
exd4 Qf6 22. Rad1 Ra8 23. a4 a6 24. a5 Qg7 25. Re3 Nf8 26. Be5 f6 27. Bd6 Bd7
28. Rde1 Rxe3 29. Rxe3 Re8 30. Rxe8 Bxe8 31. Bf5 Bd7 32. Bxf8 Kxf8 33. Bxd7
Qxd7 34. Qg6 Qe6 35. Qxh6+ Kg8 36. Qg6+ Kf8 37. Kf1 Ke7 38. Qh7+ Kd8 39. g4
Qe8 40. Qf5 Qe7 41. Kg2 Kc7 42. Qd3 Kb7 43. Qe3 Qh7 44. Qe6 Qg7 45. f3 Qh7 46.
Qxf6 Qc2+ 47. Kg3 Qc1 48. Qe7+ Kc8 49. Qe6+ Kd8 50. Qd6+ Ke8 51. Qxc6+ Ke7 52.
Qd6+ Kf7 53. Qxd5+ Kf8 54. Qf5+ Ke7 55. Qe4+ Kd8 56. Kf2 Qd2+ 57. Qe2 Qf4 58.
Kg2 Qxd4 59. c6 Qd6 60. Qe3 Qd5 61. Qb6+ Ke8 62. c7 Kd7 63. c8=Q+ Kxc8 64.
Qxa6+ Kb8 65. Qb6+ Ka8 66. Qe3 Kb8 67. Qe2 Ka7 68. h4 gxh4 69. Qe7+ Kb8 70. a6
Qa2+ 71. Kh3 Qxa6 72. Kxh4 Qh6+ 73. Kg3 Qc6 74. g5 Qc1 75. Qe5+ Ka8 76. Qd5+
Kb8 77. Qxb5+ Ka8 78. Qd5+ Kb8 79. Kg4 Qg1+ 80. Kf5 Qb1+ 81. Qe4 Qh1 82. b5
Qh3+ 83. Kg6 Qh8 84. Qe6 Qf8 85. Qe5+ Ka8 86. f4 Qg8+ 87. Kh5 Qh7+ 88. Kg4
Qd7+ 89. Qf5 Qd1+ 90. Kh4 Qh1+ 91. Qh3 Qb7 92. Qf1 Qh7+ 93. Kg3 Kb8 94. f5 Qh5
95. Qf4+ Kc8 96. b6 Kd7 97. Qc7+ Ke8 98. Qe5+ Kd7 99. f6 Qd1 100. Qe3 Qd6+
101. Kg4 Qd1+ 102. Kf5 Qd5+ 103. Qe5 Qd3+ 104. Qe4 Qb5+ 105. Kg6 Qxb6 106.
Qe7+ Kc8 107. Kg7 Qb2 108. g6 Kb8 109. Kf8 Qh2 110. g7 Qh6 111. f7 Kc8 112.
Kg8 {#r} 1-0

[Event "2nd Golders Green Open Apr 2014"]
[Site "?"]
[Date "2014.04.20"]
[Round "3"]
[White "Anbukumar, Hajane"]
[Black "Ponting, Andrew"]
[Result "1/2-1/2"]
[WhiteElo "1648"]
[BlackElo "1915"]
[EventType "swiss"]
[EventRounds "6"]

1. d4 d5 2. Nf3 Nf6 3. g3 c6 4. Nbd2 Bf5 5. Bg2 Nbd7 6. b3 e6 7. Bb2 Rc8 8. c4
Ne4 9. Nh4 Bb4 10. Bxe4 dxe4 11. Nxf5 exf5 12. a3 Ba5 13. b4 Bb6 14. g4 e3 15.
fxe3 Qh4+ 16. Kf1 Qh3+ 17. Ke1 Bd8 18. Qc2 Bh4+ 19. Kd1 O-O 20. Nf3 fxg4 21.
Nxh4 Qxh4 22. Kd2 Rce8 23. Raf1 Nf6 24. Rf4 Nh5 25. Rff1 Qg5 26. Qd3 f5 27. h4
Qh6 28. Rhg1 Qf6 29. Kd1 g3 30. Bc3 Qxh4 31. Rxf5 Rxf5 32. Qxf5 Rf8 33. Qe6+
Kh8 34. Qd6 Qf6 35. Qxf6 gxf6 36. d5 cxd5 37. cxd5 Rg8 38. d6 Kg7 39. Bd4 b6
40. e4 Kf7 41. e3 Ke6 42. a4 Kxd6 43. Ke2 Ke6 44. Kf3 Rg5 45. Bc3 f5 46. e5
Kd5 47. a5 bxa5 48. bxa5 a6 49. Bd4 Rg4 50. Bc3 Rh4 51. Rd1+ Kc5 52. e6 {#d}
1/2-1/2

[Event "2nd Golders Green Open Apr 2014"]
[Site "?"]
[Date "2014.04.20"]
[Round "4"]
[White "Ethelontis, Alexandros N"]
[Black "Willmoth, Robert"]
[Result "1/2-1/2"]
[WhiteElo "2167"]
[BlackElo "2142"]
[EventType "swiss"]
[EventRounds "6"]

1. c4 d6 2. g3 e5 3. Bg2 f5 4. d4 exd4 5. Qxd4 Nf6 6. Nc3 Nc6 7. Qe3+ Be7 8.
Nd5 Nxd5 9. cxd5 Ne5 10. Nh3 O-O 11. O-O Bd7 12. Nf4 Qe8 13. Qb3 Qc8 14. Bd2
Kh8 15. Rac1 c5 16. dxc6 bxc6 17. Nd5 Bd8 18. Qa3 Qb8 19. Bb4 Nf7 20. Nf4 Qc7
21. Rfd1 Re8 22. Bxd6 Qb7 23. Bc5 Bb6 24. Rc2 Rad8 25. Rcd2 Bc8 26. Rxd8 Nxd8
27. b3 Nf7 28. e3 Ng5 29. Bd4 Ne4 30. Nh5 Bxd4 31. Rxd4 c5 32. Bxe4 fxe4 33.
Qxc5 Bg4 34. Qg5 Bf3 35. g4 Qc7 {#d} 1/2-1/2

[Event "2nd Golders Green Open Apr 2014"]
[Site "?"]
[Date "2014.04.20"]
[Round "4"]
[White "Rogers, Tim"]
[Black "Eden, Tomer"]
[Result "0-1"]
[WhiteElo "1968"]
[BlackElo "2216"]
[EventType "swiss"]
[EventRounds "6"]

1. e4 c6 2. d4 d5 3. e5 Bf5 4. Be2 e6 5. Nf3 Nd7 6. O-O Ne7 7. Be3 h6 8. Nbd2
Bh7 9. b3 Nf5 10. c4 Be7 11. Re1 O-O 12. Nf1 Nxe3 13. Nxe3 Bb4 14. Rf1 Bc3 15.
Rc1 Bb2 16. Rc2 Bxc2 17. Qxc2 Ba3 18. h4 Be7 19. h5 f5 20. exf6 Rxf6 21. Ng4
Rf7 22. Bd3 Rxf3 23. gxf3 Bd6 24. Qe2 Nf8 25. Qe3 Qe8 26. Nxh6+ gxh6 27. Qxh6
Qf7 {#R} 0-1

[Event "2nd Golders Green Open Apr 2014"]
[Site "?"]
[Date "2014.04.20"]
[Round "4"]
[White "Landau, Jonathan"]
[Black "Karayiannis, Costas"]
[Result "1-0"]
[WhiteElo "1921"]
[BlackElo "2160"]
[EventType "swiss"]
[EventRounds "6"]

1. e4 e6 2. d4 d5 3. e5 c5 4. c3 Nc6 5. Nf3 Qb6 6. Bd3 cxd4 7. cxd4 Bd7 8. O-O
Nxd4 9. Nbd2 Nc6 10. Nb3 Rc8 11. Be3 Qc7 12. Rc1 Nh6 13. Nc5 Ng4 14. Bf4 f6
15. Nh4 fxe5 16. Qxg4 exf4 17. Nxe6 Qd6 18. Bg6+ hxg6 19. Qxg6+ Ke7 20. Nf5#
1-0

[Event "2nd Golders Green Open Apr 2014"]
[Site "?"]
[Date "2014.04.20"]
[Round "4"]
[White "Sano, Tomu"]
[Black "Kane, Robert"]
[Result "1/2-1/2"]
[WhiteElo "2135"]
[BlackElo "1875"]
[EventType "swiss"]
[EventRounds "6"]

1. e4 c5 2. Nf3 Nc6 3. d4 cxd4 4. Nxd4 Qb6 5. Nb3 Nf6 6. Bd3 e6 7. O-O Be7 8.
Be3 Qc7 9. Nc3 a6 10. f4 d6 11. a4 b6 12. Qe2 O-O 13. Rae1 Nd7 14. Rf3 Nb4 15.
Rh3 Rd8 16. Nd4 Nf8 17. f5 e5 18. Nf3 Bb7 19. Bg5 f6 20. Bc4+ Kh8 21. Nh4 d5
22. exd5 Bxd5 23. Nxd5 Nxd5 24. Ng6+ Kg8 25. Qe4 Bc5+ 26. Kh1 Qf7 27. Nxf8
Kxf8 28. Rxh7 Qg8 29. Bxd5 Rxd5 30. Rh8 Qxh8 31. Qxd5 Re8 32. Be3 Bxe3 33.
Rxe3 Qh6 34. Qd6+ Kg8 35. Qxb6 Qf4 36. Qb3+ Kf8 37. Qd3 e4 38. Qe2 Rd8 39. g3
Qxf5 40. Rxe4 Rd1+ 41. Qxd1 Qxe4+ 42. Kg1 Qxa4 43. Qd6+ Kf7 44. b3 Qa1+ 45.
Kg2 a5 46. Qc7+ Kf8 47. Qc8+ Ke7 48. Qc5+ Ke8 49. h4 Qe1 50. Kf3 Qd1+ 51. Kf4
Qf1+ 52. Ke4 Qe2+ 53. Kf4 Qf1+ {#d} 1/2-1/2

[Event "2nd Golders Green Open Apr 2014"]
[Site "?"]
[Date "2014.04.20"]
[Round "4"]
[White "Islam, Mohammed"]
[Black "Makepeace, Phil"]
[Result "0-1"]
[WhiteElo "1870"]
[BlackElo "2104"]
[EventType "swiss"]
[EventRounds "6"]

1. d4 d5 2. c4 e6 3. Nf3 Be7 4. Nc3 Nf6 5. Bf4 c6 6. Qc2 O-O 7. e4 dxe4 8.
Nxe4 Nxe4 9. Qxe4 c5 10. Bd3 f5 11. Qe3 cxd4 12. Qxd4 Bb4+ 13. Ke2 Nc6 14.
Qxd8 Rxd8 15. a3 Bc5 16. b4 Bd4 17. Nxd4 Nxd4+ 18. Ke3 b6 19. Rhd1 Bb7 20. Be5
Nc6 21. Bb2 Ne7 22. Rac1 Bxg2 23. Rg1 f4+ 24. Kxf4 Rxd3 25. Rxg2 Ng6+ 26. Ke4
Rd2 27. Bc3 Re2+ 28. Kf3 Ra2 29. Rg4 Rf8+ 30. Ke3 Raxf2 31. h4 R8f3+ 32. Ke4
Rh3 33. Rcg1 Rxc3 34. h5 Rxc4+ 35. Ke3 Rxg4 36. Rxg4 Ne5 37. Ke4 Nxg4 {#R} 0-1

[Event "2nd Golders Green Open Apr 2014"]
[Site "?"]
[Date "2014.04.20"]
[Round "4"]
[White "Mircov, Nicola Alexandru"]
[Black "Brozel, Sacha"]
[Result "0-1"]
[WhiteElo "2153"]
[BlackElo "1751"]
[EventType "swiss"]
[EventRounds "6"]

1. e4 c5 2. Nf3 e6 3. d4 cxd4 4. Nxd4 Nc6 5. Nb5 d6 6. c4 a6 7. N5c3 Nf6 8.
Be2 Be7 9. O-O O-O 10. Be3 b6 11. f4 Bb7 12. Bf3 Qc7 13. Nd2 Nd7 14. Rc1 Nc5
15. a3 Bf6 16. Ndb1 Na5 17. e5 dxe5 18. b4 Nxc4 19. Bxc5 bxc5 20. Qe2 Bxf3 21.
Rxf3 cxb4 22. Ne4 Qb6+ 23. Kh1 Nxa3 24. Nxf6+ gxf6 25. fxe5 f5 26. Rg3+ Kh8
27. Qh5 f6 28. Qh6 Qb7 29. Nxa3 bxa3 30. Rxa3 fxe5 31. Qxe6 Rae8 32. Qh6 Rg8
33. Qf6+ Qg7 34. Qc6 Rc8 {#R} 0-1

[Event "2nd Golders Green Open Apr 2014"]
[Site "?"]
[Date "2014.04.20"]
[Round "4"]
[White "Rice, Chris"]
[Black "Farzaliyev, Kanan"]
[Result "1/2-1/2"]
[WhiteElo "2014"]
[BlackElo "1924"]
[EventType "swiss"]
[EventRounds "6"]

1. c4 g6 2. g3 Bg7 3. Bg2 Nf6 4. Nc3 O-O 5. d3 d6 6. Bg5 c6 7. Qd2 e5 8. Bh6
Bxh6 9. Qxh6 Qb6 10. Qd2 Ng4 11. e3 f5 12. h3 Nf6 13. Nge2 Na6 14. d4 exd4 15.
exd4 Be6 16. b3 d5 17. cxd5 Nxd5 18. Nxd5 Bxd5 19. Bxd5+ cxd5 20. O-O Rae8 21.
Nc3 Nc7 22. Rae1 Qd6 23. f4 Qb4 24. Qd3 Rxe1 25. Rxe1 Qd6 26. Re5 Rf7 27. Qe3
a6 28. Na4 b6 29. Nc3 Kg7 {#d} 1/2-1/2

[Event "2nd Golders Green Open Apr 2014"]
[Site "?"]
[Date "2014.04.20"]
[Round "4"]
[White "Barasi, Paul"]
[Black "Alin Dumitru, Paveliuc"]
[Result "1-0"]
[WhiteElo "1854"]
[BlackElo "1909"]
[EventType "swiss"]
[EventRounds "6"]

1. d4 Nf6 2. Bg5 Ne4 3. h4 Nxg5 4. hxg5 c5 5. g6 fxg6 6. d5 Qb6 7. e3 Qxb2 8.
Nd2 b6 9. Bd3 Qf6 10. Ne4 Qe5 11. Nf3 Qxd5 12. Nf6+ exf6 13. Bxg6+ hxg6 14.
Qxd5 Rxh1+ 15. Kd2 Rxa1 16. Qxa8 Bd6 17. Qe4+ Kf8 18. Nh4 Nc6 19. Nxg6+ Kf7
20. Nh8+ Kg8 21. Qe8+ Kh7 22. Nf7 Rxa2 23. Qxc8 Be5 24. Qxd7 Nb4 25. Qf5+ g6
26. Qd7 Rxc2+ 27. Kd1 Bc3 28. Ng5+ Kh6 29. Qh3+ Kg7 30. Qh7+ {#r} 1-0

[Event "2nd Golders Green Open Apr 2014"]
[Site "?"]
[Date "2014.04.20"]
[Round "4"]
[White "Darvish, Masoud"]
[Black "Bonafont, Philip"]
[Result "0-1"]
[WhiteElo "1458"]
[BlackElo "2045"]
[EventType "swiss"]
[EventRounds "6"]

1. d4 d5 2. c4 dxc4 3. e3 Nf6 4. Bxc4 e6 5. Nf3 c5 6. O-O a6 7. dxc5 Bxc5 8.
Qxd8+ Kxd8 9. Rd1+ Ke7 10. a3 b5 11. b4 Bxb4 12. axb4 bxc4 13. Rd4 Rd8 14.
Rxd8 Kxd8 15. Ne5 Ke8 16. Nxc4 Nbd7 17. Nd6+ Kf8 18. Nxc8 Rxc8 19. Bb2 Rc2 20.
Ba3 Kg8 21. g3 h5 22. Kf1 Ng4 23. Ke1 Nxf2 24. Nd2 Ng4 25. h3 Nxe3 26. Ke2 Nc4
27. Kd3 Rxd2+ 28. Kxc4 Rc2+ 29. Kd3 Rg2 {#R} 0-1

[Event "2nd Golders Green Open Apr 2014"]
[Site "?"]
[Date "2014.04.20"]
[Round "4"]
[White "Vicek, Marek"]
[Black "Ponting, Andrew"]
[Result "1-0"]
[WhiteElo "1964"]
[BlackElo "1915"]
[EventType "swiss"]
[EventRounds "6"]

1. d4 d5 2. Nf3 Nf6 3. e3 Bf5 4. Bd3 Ne4 5. O-O e6 6. c4 dxc4 7. Bxc4 Bd6 8.
a3 g5 9. b4 h5 10. Nbd2 g4 11. Ne5 Qh4 12. g3 Qg5 13. f4 gxf3 14. Qxf3 Nxd2
15. Bxd2 Bxe5 16. dxe5 Nc6 17. Bb5 O-O 18. Bxc6 bxc6 19. e4 Qxd2 20. exf5 Qd4+
21. Kg2 Qxe5 22. Qxh5 Rfd8 23. Qg5+ Qg7 24. Qxg7+ Kxg7 25. fxe6 Rd2+ 26. Rf2
Rxf2+ 27. Kxf2 fxe6 28. Rc1 a5 29. Rxc6 axb4 30. Rxc7+ Kf6 31. axb4 Ra2+ 32.
Kg1 Ke5 33. Rf7 Ke4 34. Rf2 Ra1+ 35. Kg2 Rb1 36. h4 e5 37. h5 Rxb4 38. h6 Rb6
39. h7 Rh6 40. Rf7 Kd3 41. g4 e4 42. g5 Rh5 43. g6 Rg5+ 44. Kf1 e3 45. Rd7+
{#r} 1-0

[Event "2nd Golders Green Open Apr 2014"]
[Site "?"]
[Date "2014.04.20"]
[Round "4"]
[White "Taylor, John Paul"]
[Black "Anbukumar, Hajane"]
[Result "1-0"]
[WhiteElo "1934"]
[BlackElo "1648"]
[EventType "swiss"]
[EventRounds "6"]

1. e4 c5 2. Nf3 e6 3. d4 cxd4 4. Nxd4 a6 5. Nc3 d6 6. f4 Nf6 7. Bd3 Nc6 8. Nb3
Qb6 9. Qe2 Be7 10. Be3 Qc7 11. O-O Nb4 12. Rac1 d5 13. e5 Nd7 14. Qg4 g6 15.
a3 Nc6 16. Ne2 h5 17. Qg3 b5 18. Qf2 Bb7 19. c3 Bf8 20. Rfd1 Ncxe5 21. fxe5
Nxe5 22. Qf6 Ng4 23. Bf4 Qb6+ 24. Qd4 Qxd4+ 25. cxd4 Bg7 26. h3 Nf6 27. Rc7
Bc8 28. Bxg6 fxg6 29. Rxg7 Rg8 30. Rc7 g5 31. Be5 Ne4 32. Rdc1 Kd8 33. Ng3 Rf8
34. Nxe4 dxe4 35. Re1 Bd7 36. Nc5 Bc8 37. Nxe4 Rf5 38. Rec1 Bd7 39. Bf6+ Rxf6
40. Nxf6 Rc8 41. Rxd7# 1-0

[Event "2nd Golders Green Open Apr 2014"]
[Site "?"]
[Date "2014.04.21"]
[Round "5"]
[White "Makepeace, Phil"]
[Black "Landau, Jonathan"]
[Result "1/2-1/2"]
[WhiteElo "2104"]
[BlackElo "1921"]
[EventType "swiss"]
[EventRounds "6"]

1. Nf3 Nc6 2. e4 e5 3. d4 exd4 4. Nxd4 Qh4 5. Nb5 Bc5 6. Qe2 Bb6 7. Be3 Ba5+
8. Bd2 Bb6 9. g3 Qd8 10. Bg2 d6 11. Bc3 Nf6 12. O-O a6 13. e5 Nxe5 14. Bxe5
Qe7 15. N5a3 Qxe5 16. Qxe5+ dxe5 17. Nc4 e4 18. Nxb6 cxb6 19. Nd2 Bf5 20. Nc4
O-O-O 21. Nxb6+ Kc7 22. Nc4 Rhe8 23. Ne3 Be6 24. Rfd1 Re7 25. Rxd8 Kxd8 26. a4
Rd7 27. a5 Rd4 28. c3 Rd2 29. b4 Kc7 30. Rc1 Kd6 31. Kf1 Ke5 32. Ke1 Rd7 33.
Bf1 Ng4 34. Nxg4+ Bxg4 35. Be2 Bxe2 36. Kxe2 Rd3 37. c4 Kd6 38. b5 Ra3 39. c5+
Kc7 40. bxa6 bxa6 41. Rc4 f5 42. c6 Rxa5 43. Ke3 Rd5 44. g4 Rd3+ 45. Ke2 g6
46. gxf5 gxf5 47. Ra4 Rh3 48. Rxa6 Rxh2 49. Ra5 Rh5 50. Rc5 Rg5 51. f3 exf3+
52. Kxf3 h6 53. Kf4 Rg4+ 54. Kf3 Rg5 55. Kf4 Rg4+ 56. Kf3 Rh4 57. Rxf5 Kxc6
58. Kg3 Rh1 59. Kg2 {#d} 1/2-1/2

[Event "2nd Golders Green Open Apr 2014"]
[Site "?"]
[Date "2014.04.21"]
[Round "5"]
[White "Villiers, Thomas"]
[Black "Ethelontis, Alexandros N"]
[Result "1-0"]
[WhiteElo "2097"]
[BlackElo "2167"]
[EventType "swiss"]
[EventRounds "6"]

1. c4 c5 2. g3 Nc6 3. Bg2 g6 4. Nc3 Bg7 5. Nf3 e6 6. O-O Nge7 7. a3 O-O 8. b4
cxb4 9. axb4 Nxb4 10. Ba3 Nec6 11. Qb3 a5 12. d4 d5 13. Rfd1 b6 14. cxd5 exd5
15. Ne5 Nxd4 16. Rxd4 Bxe5 17. Bxb4 Bxd4 18. Bxf8 Kxf8 19. Rd1 Bxc3 20. Qxc3
Be6 21. Bxd5 Rc8 22. Qh8+ Ke7 23. Qb2 Qd6 24. e4 Rc5 25. Bb3 Qe5 26. Qd2 Qc7
27. Bxe6 Kxe6 28. Qd4 Ke7 29. Kg2 f6 30. Qd2 Kf7 31. Qh6 Rh5 32. Qd2 Kg7 33.
Qd4 Rc5 34. Rb1 h5 35. Rb3 Qc6 36. Rb2 b5 37. Re2 b4 38. Qd8 Qc7 39. Qa8 b3
40. Rd2 Qc8 41. Qa7+ Qc7 42. Rd7+ Qxd7 43. Qxd7+ Kh6 44. Qe8 Rc2 45. Qh8+ Kg5
46. h4+ Kg4 47. Qxf6 {#r} 1-0